[Event "Boksburg Inter Region-ch"]
[Site "Boksburg"]
[Date "2016.12.22"]
[Round "6.1"]
[White "Tenji, Sasa"]
[Black "Tembo, Epah"]
[Result "0-1"]
[WhiteElo "1514"]
[BlackElo "1858"]
[PlyCount "92"]
[EventDate "2016.12.20"]
[EventType "team-swiss"]
[EventRounds "7"]
[EventCountry "RSA"]
[SourceTitle "CBM 176 Extra"]
[Source "ChessBase"]
[SourceDate "2017.03.02"]
[SourceVersion "1"]
[SourceVersionDate "2017.03.02"]
[SourceQuality "1"]
[WhiteTeam "King Attackers"]
[BlackTeam "Queens"]
[WhiteTeamCountry "RSA"]
[BlackTeamCountry "RSA"]

1. d4 d5 2. Nf3 Nf6 3. e3 Bg4 4. c4 e6 5. Qb3 Qc8 6. Ne5 Bf5 7. Nc3 c6 8. Bd2 Nbd7 9. cxd5 exd5 10. Rc1 Qb8 11. f4 Nxe5 12. fxe5 Ne4 13. Nxe4 Bxe4 14. Bb4 Bxb4+ 15. Qxb4 Qc7 16. Be2 Bxg2 17. Rg1 Be4 18. Rxg7 Bg6 19. e6 0-0-0 20. exf7 Rhf8 21. Bg4+ Kb8 22. Rg8 Qxf7 23. Rxf8 Rxf8 24. Qd6+ Ka8 25. Be2 Bh5 26. Qxf8+ Qxf8 27. Bxh5 Qh6 28. Be2 Qxe3 29. Rc3 Qxd4 30. Rg3 a6 31. b3 Qa1+ 32. Kf2 Qxa2 33. Ke1 d4 34. Rg8+ Ka7 35. Rg3 Qb1+ 36. Kd2 Kb6 37. Bd1 Kc5 38. Rg5+ Kb4 39. Bc2 Qh1 40. Rh5 Qg2+ 41. Kc1 Qf1+ 42. Bd1 h6 43. Kd2 Qf2+ 44. Kd3 Qe3+ 45. Kc2 c5 46. Kb2 Qc3+ 0-1